000 00308nam a2200121Ia 4500
005 20251222143301.0
008 251222s9999||||xx |||||||||||||| ||spa||
020 _a978-612-4132-05-6
082 _a371/C47
245 0 _aLa Educación del Futuro y el Futuro de la Educación
264 _bCeplan
942 _cLIB
999 _c15331
_d15331